Translation in practice 1 = Giáo trình translation in practice 1
This book is designed to equip English learners majoring in translation and interpretation with basic translation tecniques at sentence levels from English into Vietnamese and vice versa. The 30-period course introduces 10 chapter on clear-cut purposes to prepare the prospective graduates to work as...
में बचाया:
| मुख्य लेखक: | |
|---|---|
| स्वरूप: | पुस्तक |
| भाषा: | Undetermined |
| प्रकाशित: |
Can Tho
Can Tho University
2010
|
| विषय: | |
| टैग : |
टैग जोड़ें
कोई टैग नहीं, इस रिकॉर्ड को टैग करने वाले पहले व्यक्ति बनें!
|
| Thư viện lưu trữ: | Trung tâm Học liệu Trường Đại học Cần Thơ |
|---|
| LEADER | 01000nam a2200217Ia 4500 | ||
|---|---|---|---|
| 001 | CTU_165481 | ||
| 008 | 210402s9999 xx 000 0 und d | ||
| 020 | |c 24200 | ||
| 082 | |a 428.02 | ||
| 082 | |b H305 | ||
| 100 | |a Huynh, Van Hien | ||
| 245 | 0 | |a Translation in practice 1 = | |
| 245 | 0 | |b Giáo trình translation in practice 1 | |
| 245 | 0 | |c Huynh Van Hien, Ho Phuong Thuy | |
| 260 | |a Can Tho | ||
| 260 | |b Can Tho University | ||
| 260 | |c 2010 | ||
| 520 | |a This book is designed to equip English learners majoring in translation and interpretation with basic translation tecniques at sentence levels from English into Vietnamese and vice versa. The 30-period course introduces 10 chapter on clear-cut purposes to prepare the prospective graduates to work as translators and/or interpreters. | ||
| 650 | |a Vietnamese language,Translating and interpreting,English language,Dịch và phiên dịch | ||
| 904 | |i Bạch Trúc | ||
| 980 | |a Trung tâm Học liệu Trường Đại học Cần Thơ | ||